logo esport - Statistiques

Statistiques générales
  • Ce quiz a été pris 497 fois
    462 depuis la dernière actualisation
  • Le résultat moyen est 11 sur 16
Statistiques - réponses
Par images Réponse % Correct
karmine corp
97%
fnatic
95%
solary
95%
T1
93%
bds
91%
navi
87%
geng
86%
loud
67%
G2 esport
66%
gam
62%
BK ROG
57%
gameward
54%
flyquest
53%
psg talon
52%
top esports
27%
estral esports
5%
Aucun quiz correspondant
Distribution des résultats
% des personnes avec chaque résultat
Percentile par nombre de réponses
Votre historique - résultats
Vous n’avez pas pris ce quiz depuis la dernière actualisation